书目信息 |
| 题名: |
色彩琐谈
|
|
| 作者: | 颜文梁 著 | |
| 分册: | ||
| 出版信息: | 上海 上海人民美术出版社 1978 |
|
| 页数: | 57页 | |
| 开本: | 19cm | |
| 丛书名: | ||
| 单 册: | ||
| 中图分类: | J063 | |
| 科图分类: | ||
| 主题词: | 绘画理论-色彩 , 色彩-绘画理论 , 美术理论 | |
| 电子资源: | ||
| ISBN: | ||
| 000 | 00621nam0 2200241 45 | |
| 001 | 0178000507 | |
| 005 | 20060819154054.75 | |
| 010 | @dCNY0.17 | |
| 091 | @a8081.11169 | |
| 100 | @a19950724d1978 em y0chiy0121 ea | |
| 101 | 0 | @achi |
| 102 | @aCN@b310000 | |
| 105 | @ay z 000yy | |
| 200 | 10 | @a色彩琐谈@Ase cai suo tan@f颜文梁著@Fyan wen liang zhu |
| 210 | @a上海@c上海人民美术出版社@d1978 | |
| 215 | @a57页@d19cm | |
| 606 | @a绘画理论-色彩 | |
| 606 | @a色彩-绘画理论 | |
| 606 | 0 | @a美术理论 |
| 690 | @aJ063@v3 | |
| 701 | 0 | @a颜文梁@Ayan wen liang@4著 |
| 801 | 0 | @aCN@bTSSF@c20060819 |
| 905 | @a10447@dJ063@e1 | |
| 色彩琐谈/颜文梁著.-上海:上海人民美术出版社,1978 |
| 57页;19cm |
| ISBN :CNY0.17 |
| ● |
| 相关链接 |
|
|
|
|
正题名:色彩琐谈
索取号:J063/1
 
预约/预借
| 序号 | 登录号 | 条形码 | 馆藏地/架位号 | 状态 | 备注 |
| 1 | 0005138 | 202188916 | 密集书库/ [索取号:J063/1] | 在馆 | |
| 2 | 0466941 | 204669411 | 密集书库/ [索取号:J063/1] | 在馆 |